|
|
|
|
| LEADER |
02560nam a2200649 a 4500 |
| 001 |
nkc20142589739 |
| 003 |
CZ PrNK |
| 005 |
20140903151040.0 |
| 007 |
ta |
| 008 |
140514s2014 xr abche c 000 0dcze |
| 015 |
|
|
|a cnb002589739
|
| 020 |
|
|
|a 978-80-7053-304-8
|q (brož.)
|
| 035 |
|
|
|a (OCoLC)886603905
|
| 040 |
|
|
|a BOA001
|b cze
|
| 043 |
|
|
|a e-xr---
|b e-xr-ol
|2 czenas
|
| 045 |
|
|
|a s7x4
|
| 072 |
|
7 |
|a 09
|x Rukopisy, prvotisky, staré tisky. Vzácná a pozoruhodná díla
|2 Konspekt
|9 12
|
| 080 |
|
|
|a 093/099
|2 MRF
|
| 080 |
|
|
|a 74/76.05
|2 MRF
|
| 080 |
|
|
|a 025:09
|2 MRF
|
| 080 |
|
|
|a 002.2:004
|2 MRF
|
| 080 |
|
|
|a 024.5/.6:004
|2 MRF
|
| 080 |
|
|
|a (437.325)
|2 MRF
|
| 080 |
|
|
|a (083.82)
|2 MRF
|
| 080 |
|
|
|a (084.11)
|2 MRF
|
| 245 |
0 |
0 |
|a Půvab vzácných tisků :
|b knihy šesti století ve fondu Vědecké knihovny v Olomouci /
|c [texty Jiří Glonek ... et al.]
|
| 246 |
3 |
0 |
|a Knihy šesti století ve fondu Vědecké knihovny v Olomouci
|
| 250 |
|
|
|a 1. vyd.
|
| 260 |
|
|
|a Olomouc :
|b Vědecká knihovna v Olomouci,
|c 2014
|
| 300 |
|
|
|a 63 s. :
|b il. (převážně barev.), mapy, portréty, faksim. ;
|c 34 cm
|
| 504 |
|
|
|a Obsahuje bibliografické odkazy
|
| 610 |
2 |
7 |
|a Vědecká knihovna (Olomouc, Česko)
|7 ko20010092588
|2 czenas
|
| 648 |
|
7 |
|a 15.-20. století
|7 ch757041
|2 czenas
|
| 648 |
|
4 |
|a 1473-1942
|
| 650 |
0 |
7 |
|a vzácné tisky
|7 ph127318
|y 15.-20. století
|2 czenas
|
| 650 |
0 |
7 |
|a knižní ilustrace
|7 ph114931
|y 15.-20. století
|2 czenas
|
| 650 |
0 |
7 |
|a vzácné knihovní fondy
|7 ph262214
|z Česko
|2 czenas
|
| 650 |
0 |
7 |
|a digitalizace dokumentů
|7 ph135871
|z Česko
|2 czenas
|
| 650 |
0 |
7 |
|a elektronické knihovní služby
|7 ph135721
|z Česko
|2 czenas
|
| 650 |
0 |
9 |
|a rare prints
|y 15th-20th centuries
|2 eczenas
|
| 650 |
0 |
9 |
|a illustration of books
|y 15th-20th centuries
|2 eczenas
|
| 650 |
0 |
9 |
|a rare library collections
|z Czechia
|2 eczenas
|
| 650 |
0 |
9 |
|a digitization of documents
|z Czechia
|2 eczenas
|
| 650 |
0 |
9 |
|a online library services
|z Czechia
|2 eczenas
|
| 651 |
|
7 |
|a Olomouc (Česko)
|7 ge130299
|2 czenas
|
| 651 |
|
9 |
|a Olomouc (Czechia)
|2 eczenas
|
| 655 |
|
7 |
|a katalogy
|7 fd132535
|2 czenas
|
| 655 |
|
7 |
|a obrazové publikace
|7 fd132947
|2 czenas
|
| 655 |
|
9 |
|a catalogs
|2 eczenas
|
| 655 |
|
9 |
|a pictorial works
|2 eczenas
|
| 700 |
1 |
|
|a Glonek, Jiří,
|d 1978-
|7 mzk2006348958
|4 aut
|
| 710 |
2 |
|
|a Vědecká knihovna (Olomouc, Česko)
|7 ko20010092588
|
| 910 |
2 |
|
|a BOA001
|b 4-1328.846
|
| 990 |
|
|
|a BK
|
| 995 |
|
|
|a 01
|
| 991 |
|
|
|b 201407
|c NOV
|e n
|
| 996 |
6 |
|
|b 2610595710
|c 4-1328.846
|l MZK
|r Sklad / do 1 hodiny
|n 3
|p p.v.
|w 001431437
|u 000010
|a 1
|e BOA001
|j MZK50
|s P
|